| 000 | 00567nam a22001937a 4500 | ||
|---|---|---|---|
| 999 |
_c186666 _d186666 |
||
| 005 | 20220311102344.0 | ||
| 010 | _aENG-131950 | ||
| 020 |
_a9789389845747 _c360.00 |
||
| 035 | _aEN-115482 | ||
| 037 | _bDBAD | ||
| 082 | _a005.72 | ||
| 100 | _aJain, Satish | ||
| 245 |
_aWeb Designing and Publishing/ _cSatish Jain and M. Geetha Iyer |
||
| 260 |
_aNew Delhi _bBPB Publications _c2020 |
||
| 270 |
_a20, Ansari Road, Darya Ganj _bNew Delhi _e110002 |
||
| 300 |
_av, 362p. _c28cm(pbk) |
||
| 700 | _aIyer, M. Geetha | ||
| 942 |
_2ddc _cEN _h005.72 _mJAI |
||